[Event "AUT-ch Vor4 Internet"]
[Site "Playchess.com INT"]
[Date "2020.04.25"]
[Round "8"]
[White "Riegler, Moritz"]
[Black "Klinkan, Alexander"]
[Result "0-1"]
[WhiteElo "1705"]
[BlackElo "2029"]
[PlyCount "124"]
[EventDate "2020.04.25"]
[EventType "swiss (blitz)"]
[EventRounds "9"]
[EventCountry "AUT"]
[SourceTitle "EXT 2021"]
[Source "ChessBase"]
[SourceDate "2020.10.23"]
[SourceVersion "1"]
[SourceVersionDate "2020.10.23"]
[SourceQuality "1"]

1. Nf3 d5 2. d4 Nf6 3. e3 c6 4. Bd3 Bg4 5. Nbd2 e6 6. 0-0 Be7 7. h3 Bh5 8. c3 0-0 9. e4 dxe4 10. Nxe4 Nxe4 11. Bxe4 Bg6 12. Bxg6 hxg6 13. Re1 Nd7 14. Qc2 Bf6 15. Bf4 Rc8 16. Rad1 Qa5 17. Qb3 b5 18. a3 Nb6 19. Ne5 Bxe5 20. Bxe5 Nc4 21. Bg3 Qa4 22. Qxa4 bxa4 23. Rb1 Rfd8 24. Red1 Rd7 25. Kf1 Rb7 26. b4 axb3 27. a4 a6 28. Ke1 b2 29. Ke2 Na3 30. Bd6 Nxb1 31. Rxb1 f6 32. Bb4 Ra8 33. a5 Kf7 34. Rxb2 Rb5 35. Rd2 g5 36. g3 f5 37. Kf1 Rab8 38. Rb2 g4 39. h4 g6 40. Kg2 Rxa5 41. Rc2 Rab5 42. Ra2 Ra8 43. Bc5 a5 44. Ra4 Ke8 45. c4 Rb3 46. Bd6 Kd7 47. c5 Rb4 48. Ra3 a4 49. Be5 Rb3 50. Ra2 a3 51. Ra1 a2 52. d5 cxd5 53. c6+ Kxc6 54. Rc1+ Kb5 55. Rc7 a1Q 56. Bxa1 Rxa1 57. Rb7+ Kc4 58. Rc7+ Kd4 59. Rg7 Rbb1 60. Rxg6 Rg1+ 61. Kh2 Rh1+ 62. Kg2 Rag1# 0-1

[Event "AUT-ch Vor4 Internet"]
[Site "Playchess.com INT"]
[Date "2020.04.25"]
[Round "2"]
[White "Riegler, Moritz"]
[Black "Mira, Helene"]
[Result "1-0"]
[WhiteElo "1705"]
[BlackElo "2082"]
[PlyCount "97"]
[EventDate "2020.04.25"]
[EventType "swiss (blitz)"]
[EventRounds "9"]
[EventCountry "AUT"]
[SourceTitle "EXT 2021"]
[Source "ChessBase"]
[SourceDate "2020.10.23"]
[SourceVersion "1"]
[SourceVersionDate "2020.10.23"]
[SourceQuality "1"]

1. Nf3 d5 2. c4 d4 3. b4 Bg4 4. g3 Bxf3 5. exf3 e6 6. a3 a6 7. Bg2 Nc6 8. d3 g6 9. 0-0 Bg7 10. Nd2 Nh6 11. Ne4 Nf5 12. Bg5 f6 13. Bd2 0-0 14. Qc1 Nd6 15. Bh6 Nxe4 16. fxe4 e5 17. Bxg7 Kxg7 18. Qc2 Qd7 19. Rae1 Na7 20. Rc1 c5 21. bxc5 Rac8 22. Rb1 Rxc5 23. Qb3 b5 24. cxb5 Nxb5 25. a4 Nc3 26. Rb2 Rfc8 27. Ra1 a5 28. Qb7 R8c7 29. Qb8 Nxa4 30. Rxa4 Qxa4 31. h3 Qd1+ 32. Kh2 Rc1 33. h4 Qg1+ 34. Kh3 R1c2 35. Rxc2 Rxc2 36. Qb7+ Kh6 37. Qb8 Qd1 38. Qf8+ Kh5 39. Qg7 Qg4+ 40. Kh2 h6 41. Qxf6 Qe2 42. Qxe5+ g5 43. Qe8+ Kg4 44. Qe6+ Kh5 45. Qf7+ Kg4 46. Qf5+ Kh5 47. Bf3+ Qxf3 48. Qxf3+ g4 49. Qf5# 1-0

[Event "AUT-ch U18"]
[Site "Sankt Veit an der Glan"]
[Date "2019.04.16"]
[Round "4"]
[White "Riegler, Moritz"]
[Black "Tscharnuter, Noah"]
[Result "1/2-1/2"]
[WhiteElo "1751"]
[BlackElo "1743"]
[PlyCount "63"]
[EventDate "2019.04.14"]
[EventType "swiss"]
[EventRounds "7"]
[EventCountry "AUT"]
[SourceTitle "CBM 190 Extra"]
[Source "ChessBase"]
[SourceDate "2019.07.15"]
[SourceVersion "1"]
[SourceVersionDate "2019.07.15"]
[SourceQuality "1"]

1. d4 Nf6 2. Nf3 e6 3. e3 c5 4. c3 b6 5. Bd3 Bb7 6. Nbd2 cxd4 7. cxd4 Be7 8. 0-0 0-0 9. Qe2 d6 10. Rd1 Nbd7 11. b3 a6 12. Bb2 b5 13. Rac1 Nb6 14. e4 h6 15. h3 Rc8 16. Rxc8 Qxc8 17. Rc1 Qd7 18. Nf1 Rc8 19. Rc2 Rxc2 20. Qxc2 Nh5 21. N1d2 Qc6 22. Qxc6 Bxc6 23. g3 Nf6 24. Kf1 Kf8 25. Bc3 Nfd7 26. Ba5 d5 27. e5 f6 28. Bc3 fxe5 29. Nxe5 Nxe5 30. dxe5 Nd7 31. f4 Bc5 32. Nf3 1/2-1/2

[Event "GER-ch U25-B"]
[Site "Willingen"]
[Date "2018.05.26"]
[Round "9"]
[White "Dauwe, Jan Luca"]
[Black "Riegler, Moritz"]
[Result "0-1"]
[WhiteElo "1325"]
[BlackElo "1606"]
[PlyCount "58"]
[EventDate "2018.05.19"]
[EventType "swiss"]
[EventRounds "9"]
[EventCountry "GER"]
[SourceTitle "CBM 184 Extra"]
[Source "ChessBase"]
[SourceDate "2018.06.28"]
[SourceVersion "1"]
[SourceVersionDate "2018.06.28"]
[SourceQuality "1"]

1. d4 Nf6 2. c4 e6 3. Nc3 Bb4 4. Bg5 h6 5. Bh4 b6 6. Nf3 Bb7 7. e3 0-0 8. Be2 Bxc3+ 9. bxc3 c5 10. 0-0 Nc6 11. Rb1 g5 12. Bg3 Ne4 13. Qc2 Nxg3 14. hxg3 Na5 15. Ne5 d6 16. Ng4 Kg7 17. f3 Ba6 18. Kf2 f5 19. Nh2 Bxc4 20. Bxc4 Nxc4 21. Rh1 Na3 22. Qb3 Nxb1 23. Qxb1 cxd4 24. cxd4 Rc8 25. Ke2 Qc7 26. Kd2 Qc3+ 27. Ke2 Qc2+ 28. Qxc2 Rxc2+ 29. Kd3 Rfc8 0-1

[Event "GER-ch U25-B"]
[Site "Willingen"]
[Date "2018.05.23"]
[Round "5"]
[White "Graf, Maria"]
[Black "Riegler, Moritz"]
[Result "1/2-1/2"]
[WhiteElo "1458"]
[BlackElo "1606"]
[PlyCount "113"]
[EventDate "2018.05.19"]
[EventType "swiss"]
[EventRounds "9"]
[EventCountry "GER"]
[SourceTitle "CBM 184 Extra"]
[Source "ChessBase"]
[SourceDate "2018.06.28"]
[SourceVersion "1"]
[SourceVersionDate "2018.06.28"]
[SourceQuality "1"]

1. d4 Nf6 2. Nf3 e6 3. Bf4 d5 4. e3 c5 5. Nbd2 Be7 6. h3 Nbd7 7. c3 Nf8 8. Bd3 Ng6 9. Bh2 0-0 10. Ne5 Nd7 11. 0-0 Ndxe5 12. dxe5 b6 13. Nf3 Bb7 14. Re1 c4 15. Bc2 b5 16. Nd4 b4 17. e4 Qa5 18. exd5 Bxd5 19. Be4 Bxe4 20. Rxe4 bxc3 21. bxc3 Qxc3 22. Qc1 Qd3 23. Qc2 Qxc2 24. Nxc2 Rac8 25. Rc1 Rfd8 26. Ne3 c3 27. Rc2 Rd2 28. Kf1 Rxc2 29. Nxc2 Kf8 30. Ke2 Bd8 31. g3 Ne7 32. f4 Bb6 33. Kd3 Nd5 34. g4 a5 35. a3 Ke7 36. Bg3 g6 37. Be1 Bg1 38. Bg3 Kd7 39. Ra4 Bb6 40. Ke4 Ne3 41. Kd3 Nxc2 42. Kxc2 Kc6 43. Rc4+ Kb7 44. Rxc3 Rxc3+ 45. Kxc3 Kc6 46. Kc4 Be3 47. Bh2 Bf2 48. a4 h6 49. f5 exf5 50. gxf5 gxf5 51. Bf4 h5 52. Bd2 Bb6 53. Bg5 Bf2 54. Bd2 Kb6 55. Kd5 Bg3 56. Bc3 Bf2 57. Bd2 1/2-1/2

[Event "GER-ch U25-B"]
[Site "Willingen"]
[Date "2018.05.22"]
[Round "4"]
[White "Riegler, Moritz"]
[Black "Ewerhardy, Moritz"]
[Result "0-1"]
[WhiteElo "1606"]
[BlackElo "1480"]
[PlyCount "48"]
[EventDate "2018.05.19"]
[EventType "swiss"]
[EventRounds "9"]
[EventCountry "GER"]
[SourceTitle "CBM 184 Extra"]
[Source "ChessBase"]
[SourceDate "2018.06.28"]
[SourceVersion "1"]
[SourceVersionDate "2018.06.28"]
[SourceQuality "1"]

1. e4 c5 2. Nf3 d6 3. Bb5+ Bd7 4. Bxd7+ Qxd7 5. Nc3 Nc6 6. d3 e5 7. 0-0 g6 8. Nd2 Bg7 9. f4 exf4 10. Rxf4 Nge7 11. Nd5 Nxd5 12. exd5 Ne5 13. Ne4 Qe7 14. Rf1 0-0 15. Bf4 h6 16. Nd2 b5 17. a4 a6 18. axb5 axb5 19. Qe2 Qb7 20. Rxa8 Rxa8 21. Bxe5 Bxe5 22. Ne4 Qxd5 23. Qf3 Kh8 24. Qxf7 Bd4+ 0-1

[Event "GER-ch U25-B"]
[Site "Willingen"]
[Date "2018.05.21"]
[Round "3"]
[White "Hoevert, Kai"]
[Black "Riegler, Moritz"]
[Result "1/2-1/2"]
[WhiteElo "1471"]
[BlackElo "1606"]
[PlyCount "90"]
[EventDate "2018.05.19"]
[EventType "swiss"]
[EventRounds "9"]
[EventCountry "GER"]
[SourceTitle "CBM 184 Extra"]
[Source "ChessBase"]
[SourceDate "2018.06.28"]
[SourceVersion "1"]
[SourceVersionDate "2018.06.28"]
[SourceQuality "1"]

1. e4 e6 2. d4 d5 3. exd5 exd5 4. Bd3 Bd6 5. Ne2 Ne7 6. Bf4 0-0 7. 0-0 Bf5 8. Re1 Bxd3 9. Qxd3 Ng6 10. Bxd6 Qxd6 11. Nd2 Nd7 12. c3 Nf6 13. f3 Nh5 14. Nf1 f5 15. Nfg3 Nxg3 16. Nxg3 f4 17. Nf1 Rae8 18. Re2 Rxe2 19. Qxe2 Nh4 20. Re1 c6 21. Qe7 Nf5 22. Qxd6 Nxd6 23. Re7 Rf7 24. Rxf7 Kxf7 25. Nd2 Nf5 26. Nf1 Ke6 27. Kf2 b6 28. g4 fxg3+ 29. hxg3 Nd6 30. Ne3 Nc4 31. Nxc4 dxc4 32. b4 cxb3 33. axb3 a5 34. Ke3 h5 35. f4 b5 36. Kd3 Kf5 37. c4 a4 38. Kc3 Ke4 39. d5 cxd5 40. cxb5 d4+ 41. Kb2 Ke3 42. bxa4 d3 43. b6 d2 44. b7 d1Q 45. b8Q Qxa4 1/2-1/2

[Event "GER-ch U25-B"]
[Site "Willingen"]
[Date "2018.05.20"]
[Round "1"]
[White "Brunner, Tobias"]
[Black "Riegler, Moritz"]
[Result "1/2-1/2"]
[WhiteElo "1882"]
[BlackElo "1606"]
[PlyCount "75"]
[EventDate "2018.05.19"]
[EventType "swiss"]
[EventRounds "9"]
[EventCountry "GER"]
[SourceTitle "CBM 184 Extra"]
[Source "ChessBase"]
[SourceDate "2018.06.28"]
[SourceVersion "1"]
[SourceVersionDate "2018.06.28"]
[SourceQuality "1"]

1. e4 e6 2. d4 d5 3. exd5 exd5 4. Bd3 Bd6 5. Ne2 Ne7 6. Bg5 0-0 7. c3 f6 8. Bh4 Bf5 9. Bg3 c6 10. Bxf5 Nxf5 11. Qd3 Ne7 12. Nd2 f5 13. f4 Nd7 14. Nf3 Nf6 15. Ne5 Qb6 16. Qc2 Qc7 17. Bh4 Ne4 18. h3 Ng6 19. Bg3 Nxg3 20. Nxg3 Nxf4 21. 0-0 Bxe5 22. dxe5 Qxe5 23. Rae1 Qc7 24. Nxf5 Rae8 25. Rxe8 Rxe8 26. Qf2 Ne2+ 27. Kh1 a6 28. Qf3 g6 29. Nd6 Rd8 30. Qxe2 Qxd6 31. Re1 Rf8 32. Qg4 Qf6 33. Qd7 Qf7 34. Re7 Qf1+ 35. Kh2 Qf4+ 36. Kh1 Qh6 37. Qe6+ Kh8 38. Qe5+ 1/2-1/2